000 01231nam0a2200337 i 4500
001 RU\NLR\BIBL_A\011171720
005 20241103142312.0
021 _aRU
_b2016-48762
_93131
035 _a(NILC)RuMoRGB-008521662
035 _a(NLR Aleph) 011171720
090 _a11768608
_c11768608
100 _a20160705d2015 u y0rusy50 ca
101 0 _arus
102 _aRU
105 _aa|||z|||000yy
200 1 _aЯблочная диета
_eпопробуй лето на вкус!
_eразгрузки и легкое меню
_e30 рецептов
210 _aМосква
_cЭдипресс-Конлига
_d2015
215 _a24 с.
_cцв. ил.
_d20
225 1 _aБиблиотека журнала Похудей!
_v9/2016
333 _a16+
606 _aВес тела
_xВлияние яблок
_92454488
_3RU\NLR\AUTH\661459067
606 1 _aДиетические блюда
_xРецептура
_92080802
_3RU\NLR\AUTH\661256754
606 1 _aБлюда из яблок
_xРецептура
_92053417
_3RU\NLR\AUTH\661231442
675 _a641/642
686 1 _aР123.813.1-0
686 1 _aЛ996.5
801 0 _aRU
_bРГБ
_c20160617
_gRCR
942 _cBOOK
980 _aNBR